Tennisweltranglistenerste Herren - Statistiken

Allgemein
  • Dieses Quiz wurde 83 mal gespielt
  • Das Durchschnittsergebnis liegt bei 13 aus 29
Antwortstatistiken
# Wochen an der Spitze Nation Spieler % Korrekt
1 428 Serbien Novak Dokovic
99%
2 310 Schweiz Roger Federer
97%
6 209 Spanien Rafael Nadal
94%
21 12 Deutschland Boris Becker
82%
9 101 USA Andre Agassi
79%
8 109 Schweden Björn Borg
76%
12 66 Italien Jannik Sinner
76%
3 286 USA Pete Sampras
73%
14 45 Spanien Carlos Alcaraz
64%
16 41 Vereinigtes Königreich Andy Murray
59%
19 16 Russland Daniil Medwedew
58%
7 170 USA John McEnroe
54%
4 270 Tschechien Ivan Lendl
50%
26 6 Österreich Thomas Muster
40%
10 80 Australien Lleyton Hewitt
36%
11 72 Schweden Stefan Edberg
36%
5 268 USA Jimmy Connors
33%
18 20 Schweden Mats Wilander
33%
20 13 USA Andy Roddick
31%
22 9 Russland Marat Safin
26%
23 8 Spanien Juan Carlos Ferrero
24%
29 1 Australien Patrick Rafter
23%
17 40 Rumänien Ilie Nastase
22%
28 2 Spanien Carlos Moya
18%
13 58 USA Jim Courier
17%
27 6 Chile Marcelo Rios
17%
25 6 Russland Jewgeni Kafelnikow
10%
24 8 Australien John Newcombe
10%
15 43 Brasilien Gustavo Kuerton
5%
Keine übereinstimmenden Quizze gefunden
Verteilung der Resultate
Anzahl Personen mit jedem Resultat
Perzentil nach korrekt beantworteten Fragen
Ihre Resultats-Entwicklung
Sie haben dieses Quiz noch nicht gespielt